00293nam a2200121Ia 4500008004100000082002000041100001600061245003000077250000800107260003300115300000800148650001500156191201s1990 xx 000 0 und d a677.028242bSUF aSUTTON, Ann 0aFalcot's Weave Compendium a1st aN.DelhibMcDonald Bookc1990 a198 aB.Tech(TE)